| 000 | 00621nam a2200217 u 4500 | ||
|---|---|---|---|
| 005 | 20240228064035.0 | ||
| 008 | 120216s2004 r 000 0 eng d | ||
| 020 | _a9978809406 | ||
| 035 | _aUPN01000183447 | ||
| 049 | _aI | ||
| 050 | 4 |
_aPZ75 _bM4.2 |
|
| 100 | 1 |
_aMeneses Claros, Gerardo, _d1966- _939445 |
|
| 245 | 1 | 3 |
_aUn beso para Lucy / _cGerardo Meneses Claros. |
| 260 |
_aQuito : _bLibresa, _c2004. |
||
| 300 |
_a94 p. : _bil. |
||
| 440 | 0 |
_aMitad del mundo ; _v43 |
|
| 650 | 0 |
_aCuentos infantiles colombianos _94407 |
|
| 650 | 4 |
_aLibros y lectura para niƱos _92290 |
|
| 905 | _aInfantil | ||
| 999 |
_c155550 _d155550 |
||